[Event "ICS rated standard match"]
[Site "207.99.83.229"]
[Date "1999.06.27"]
[Round "?"]
[White "Hossa"]
[Black "Kaisa"]
[Result "1-0"]
[WhiteElo "2225"]
[BlackElo "1841"]
[Annotator "Fritz 5.32 (22s)"]
[PlyCount "60"]

1. e4 e6 2. d4 d5 3. e5 c5 4. c3 Nc6 5. Nf3 Nge7 6. Bd3 Ng6 (6... cxd4 7. cxd4
Nf5 8. Bxf5 exf5 9. Nc3 Be6 10. h4 h6 11. Ne2 g6 12. Be3 Qb6 13. O-O Be7 14.
Qd2 Na5 15. b3 Bb4 16. Qd3 Nc6 17. a3 Be7 18. b4 Qd8 19. Qd2 Bxh4 20. Bxh6 Be7
21. Bg5 {Minasian,A-Gaprindashvili,V/Linares ESP 1999/1-0 (50)}) 7. O-O Bd7 8.
Bg5 $146 (8. a3 cxd4 9. cxd4 f6 10. Nc3 Be7 11. exf6 Bxf6 12. Ne2 Qb6 13. Be3
Nge7 14. Ne5 Bxe5 15. dxe5 Qc7 16. f4 O-O 17. Rc1 Rfc8 18. Nd4 a6 19. Rf3 Qd8
20. Rh3 g6 21. Nf3 Qf8 22. f5 Nxf5 23. Bc5 Nfe7 24. Ng5 Qf4 25. Be3 Qxe5 26.
Nxh7 Nf5 27. Bg5 Qd4+ 28. Kh1 Ne5 29. Nf6+ Kf7 30. Rh7+ Kf8 31. Bxf5 Qxd1+ 32.
Rxd1 Nf7 33. Nxd7+ Kg8 34. Nf6+ Kf8 35. Bxe6 Nxg5 36. Bxc8 Nxh7 37. Nxh7+ Kg7
38. Bxb7 {1-0 Kraft,V-Moor,O/Lake Constance, Steckborn SUI 1997 (38)}) 8... Be7
9. Bxe7 Ncxe7 (9... Qxe7 10. a3 $11) 10. dxc5 Qc7 11. Nbd2 $11 (11. Bxg6 Nxg6
12. Qd4 12... O-O $14) 11... Nxe5 12. Nxe5 Qxe5 13. Qg4 13... O-O $16 (13...
Qf6 $5 $11 $142 {kam sehr in Betracht}) 14. Bxh7+ $1 {haelt den Vorteil fest}
14... Kxh7 15. Qh4+ Kg8 16. Qxe7 Bc6 17. Rfe1 Qh5 18. Nf3 Rae8 (18... Rfe8 19.
Qc7 $16) 19. Qd6 Rc8 20. Qf4 Qh6 21. Ng5 (21. Qxh6 gxh6 22. a4 22... Kg7 $16)
21... a5 (21... Bd7 22. Qe3 $16) 22. Qg4 Bd7 23. b4 axb4 24. cxb4 b6 (24... f6
$5 25. Nf3 25... Rcd8 $14) 25. cxb6 {Der Freibauer b6 greift sofort ein} 25...
Rc4 26. Qg3 Rxb4 27. Rab1 27... Rxb1 {Droht Matt} 28. Rxb1 28... Qg6 {
Mit der Mattdrohung Qxb1} 29. Rb4 f6 (29... Qf6 30. h4 Qe7 31. a3 $18) 30. b7
30... Qd3 $4 {ein Fehler, doch es war nicht viel zu retten} (30... Qxg5 31.
Qxg5 31... fxg5 $18) 1-0

[Event "ICS rated standard match"]
[Site "207.99.83.229"]
[Date "1999.06.27"]
[Round "?"]
[White "Hossa"]
[Black "chessassassin"]
[Result "1-0"]
[WhiteElo "2228"]
[BlackElo "1921"]
[Annotator "Fritz 5.32 (22s)"]
[PlyCount "28"]

1. e4 Nc6 2. Nf3 e5 3. d4 exd4 4. Nxd4 Nf6 5. Nxc6 bxc6 6. Bd3 d5 7. O-O (7.
exd5 cxd5 8. Bb5+ Bd7 9. Bxd7+ Qxd7 10. O-O Be7 11. c4 d4 12. Qd3 O-O 13. Bg5
Rab8 14. b3 Nd5 15. Bxe7 Nxe7 16. Nc3 Qd8 17. Na4 Nc6 18. Rad1 Qd6 19. Qg3 Qxg3
20. hxg3 Rfe8 21. Rfe1 f5 22. Kf1 Kf7 23. Nc5 a5 24. Na6 Rxe1+ 25. Kxe1 Rb7 26.
Kd2 Nb4 27. Nc5 Rb6 28. a3 Na6 29. Nxa6 Rxa6 30. Kd3 c5 31. Re1 Rb6 32. Rb1 Kf6
33. b4 axb4 34. axb4 Rxb4 35. Rxb4 cxb4 36. Kxd4 Ke6 37. c5 b3 38. Kc3 Kd5 39.
Kxb3 Kxc5 40. Kc3 Kd5 41. Kd3 g5 42. Ke3 h6 43. Kd3 Ke5 44. Ke3 Kd5 45. Kd3 h5
46. Ke3 Kc4 47. Ke2 Kc3 48. Ke3 Kc4 49. Ke2 Kd4 50. Kd2 Ke4 51. Ke2 {
- Zelcic,R-Varga,Z/XVII Mitropa Cup, Montecatini Terme ITA 1997 (51)}) (7. e5
Ng4 8. O-O Bc5 9. Qe2 Qe7 10. Bf4 g5 11. Bd2 Nxe5 12. Re1 Bd6 13. Bc3 f6 14.
Nd2 Kd8 15. Nf3 Nxf3+ 16. Qxf3 Be5 17. Bf5 Re8 18. Qh3 Bxf5 19. Qxf5 Rb8 20.
Bxe5 fxe5 21. b3 21... h6 {
Bouzo Alvarez,J-Garcia Vicente,N/Open, Malaga ESP 1998/1-0 (34)}) 7... dxe4 8.
Qe1 $146 (8. Re1 Be7 9. Be2 Qxd1 10. Bxd1 Be6 11. Nd2 O-O-O 12. Be2 Kb7 13. Nc4
Nd7 14. Na5+ Kb6 15. Nc4+ Bxc4 16. Bxc4 Ne5 17. Bb3 f5 18. Be3+ Kb7 19. Rad1
Rxd1 20. Rxd1 Bd6 21. h3 Re8 22. Bd4 22... g5 {
Wenzel-Mueller,R/Baden Baden op 1987/0-1 (39)}) 8... Bf5 9. Bg5 Be7 10. Bxf6
Bxf6 ({Jedoch nicht} 10... gxf6 11. Bxe4 Qd7 12. Nc3 $16) 11. Bxe4 11... Bxe4
$16 (11... O-O $5 $142 {ist interessant} 12. Bxf5 12... Bxb2 $15) 12. Qxe4+ Kf8
13. Na3 ({Weniger gut ist} 13. Qxc6 13... Bxb2 14. Nc3 Bxa1 15. Rxa1 15... Rc8
$17) 13... Bxb2 $4 $18 (13... Rb8 $14 $142 {war der einzige Versuch}) 14. Qb4+
Qe7 1-0

[Event "ICS rated blitz match"]
[Site "207.99.83.229"]
[Date "1999.06.27"]
[Round "?"]
[White "miitrei"]
[Black "Hossa"]
[Result "0-1"]
[WhiteElo "2268"]
[BlackElo "2334"]
[Annotator "Fritz 5.32 (22s)"]
[PlyCount "122"]

1. d4 d6 2. c4 e5 3. dxe5 3... Nd7 $14 (3... dxe5 $5 4. Qxd8+ 4... Kxd8 $11) 4.
exd6 Bxd6 5. e3 {Verwehrt dem Gegner f4.} 5... Ngf6 6. Nc3 O-O 7. Nf3 Bb4 8.
Bd2 Qe7 9. Be2 Nb6 10. a3 10... Bxc3 {Schwarz haelt das Heft fest in der Hand}
11. Bxc3 (11. bxc3 $6 11... Be6 $11) 11... Ne4 12. Qd4 {Es droht Matt} 12... f6
13. c5 $11 (13. Bd3 $5 $142 13... Nxc3 14. Qxc3 $16 (14. bxc3 $6 14... Rd8 15.
Qe4 Qxe4 16. Bxe4 16... Nxc4 $11)) 13... Rd8 14. Qb4 14... Nd5 $14 (14... a5
15. Qb3+ Be6 16. Qc2 Nxc5 17. Bd4 $11) 15. Bc4 $11 (15. Qc4 Nexc3 (15... Qxc5
$2 {geht nicht} 16. Qxe4 Nxc3 17. Qc2 $18) (15... Nxc5 $143 16. Bb4 $18) 16.
bxc3 16... Be6 $11) 15... Be6 ({Und nicht} 15... Nxc5 16. Rd1 Be6 17. Bxd5 Bxd5
18. O-O $11) 16. Bxd5 $11 (16. Qxb7 Ndxc3 17. Bxe6+ Qxe6 18. bxc3 18... Nxc5
$11) 16... Bxd5 17. O-O (17. c6 Qxb4 18. Bxb4 18... bxc6 $11) 17... a5 18. Qb5
c6 19. Qe2 Nxc3 20. bxc3 Qxc5 21. Rfc1 Bxf3 22. gxf3 Rd7 23. Qc2 Rad8 24. Rd1
24... Rxd1+ $15 (24... Qg5+ 25. Kh1 $17) 25. Rxd1 Rxd1+ 26. Qxd1 26... Qxa3 {
a5 wird ein starker Freibauer werden} (26... Qxc3 $6 27. Qd8+ Kf7 28. Qd7+ Kg6
29. Qg4+ Kh6 30. Qh4+ Kg6 31. Qg4+ Kf7 32. Qd7+ Kf8 33. Qd8+ Kf7 34. Qd7+ $11)
27. Qd8+ Kf7 28. Qc7+ Kg6 29. Qg3+ Kf5 30. Qxg7 Qxc3 31. Qxh7+ Ke6 32. Qxb7 a4
33. Qc8+ Kd5 34. Qd7+ Kc5 35. Qe7+ Kb6 36. Qd8+ Kb5 37. Qb8+ Kc4 38. Qg8+ $15 (
38. Qd6 Kb3 39. Qd1+ 39... Qc2 $15) 38... Kb4 $11 (38... Kd3 39. h4 Qc4 40.
Qh7+ Ke2 41. Qb1 Qg8+ 42. Kh2 $19) 39. Qb8+ Ka3 40. h4 Qb4 41. Qh8 Qd6 (41...
Qb1+ 42. Kh2 Qf5 43. Kg3 $11) 42. h5 Kb2 43. Qg7 (43. h6 a3 44. h7 44... a2 $11
) 43... a3 44. Qb7+ Kc1 45. Qa6 Qc5 46. h6 Qg5+ 47. Kf1 {Droht entscheidend h7}
47... Qb5+ 48. Qxb5 cxb5 49. h7 a2 50. h8=Q a1=Q 51. Qc8+ $15 (51. Qd8 $5 $11)
51... Kd2+ 52. Kg2 52... Qe5 $11 (52... b4 53. Qd7+ Kc1 54. Qc7+ Qc3 55. Qa5
$15) 53. Qd7+ $15 (53. f4 Qd5+ 54. Kg3 54... f5 $11) 53... Ke2 $11 (53... Ke1
54. Qg4 $15) 54. f4 $17 (54. Qg4 $142 {ist noch spielbar} 54... Kd2 55. Qd4+
Ke1 56. Qxe5 fxe5 57. f4 $11) 54... Qe4+ 55. Kg1 $19 (55. Kg3 55... Qg6+ $1 {
ueberlaesst Schwarz die besseren Chancen} 56. Kh2 56... b4 $17) 55... Qg6+ $17
(55... Qb1+ 56. Kh2 Kxf2 57. Qd2+ Kf3 58. Qg2+ Kxe3 59. Qg3+ Kd4 60. Qf2+ Kc4
61. Qe2+ Kc3 62. Qe8 $19) 56. Kh2 56... Kxf2 {Droht Matt: Qg2} 57. Qd2+ Kf3 58.
Qd1+ Kxe3 59. Qc1+ 59... Kf2 {Droht Matt: Qg2} 60. Qd2+ Kf3 61. Qd3+ $4 {
Weiss bricht voellig ein} (61. Qd1+ $142 61... Kxf4 62. Qd2+ Ke5 63. Qb2+ Kd6
64. Qxb5 $17) 61... Qxd3 (61... Qxd3 62. Kg1 Qg6+ 63. Kf1 Qb1#) 0-1

[Event "ICS rated standard match"]
[Site "207.99.83.229"]
[Date "1999.06.27"]
[Round "?"]
[White "SingleKnight"]
[Black "Hossa"]
[Result "0-1"]
[WhiteElo "1996"]
[BlackElo "2233"]
[Annotator "Fritz 5.32 (22s)"]
[PlyCount "76"]

1. e4 c5 2. Nf3 d6 3. d4 cxd4 4. Nxd4 Nf6 5. Nc3 a6 6. Be2 e6 7. g4 Be7 (7...
b6 8. f4 Bb7 9. Bf3 d5 10. exd5 Nxd5 11. O-O Bc5 12. Ne4 Nf6 13. Nxf6+ Qxf6 14.
Bxb7 Bxd4+ 15. Kh1 Ra7 16. Be4 O-O 17. c3 Bc5 18. Qc2 g6 19. Rb1 Rc8 20. Qe2 a5
21. Rd1 Rd7 22. Bd2 Qd8 23. Be1 Bf8 24. Bf2 Qe7 25. Bd4 Bg7 26. Be3 Rcd8 27.
Bf3 Rxd1+ 28. Rxd1 Rxd1+ 29. Qxd1 Nd7 30. Be2 Nf6 31. Bf3 31... Nd7 {
- Rivera,D-Esteban,J/San Sebastian op 1994 (31)}) 8. g5 Nfd7 9. h4 9... O-O
$146 (9... Qc7 10. Be3 b5 11. Qd2 Bb7 12. a3 Nc6 13. h5 Nce5 14. b3 Rc8 15. Nd1
Bxe4 16. O-O Ba8 17. f3 Nb6 18. a4 bxa4 19. Bxa6 Bb7 20. Bb5+ Ned7 21. g6 hxg6
22. hxg6 Bf6 23. Nf2 Ke7 24. Bxd7 {
Russell,G-Jones,R/4NCL967-CK:GU 1997/0-1 (35)}) 10. Qd3 Nc5 11. Qg3 e5 12. Nf5
12... Bxf5 $16 (12... Nc6 $5 $11 $142 {ist eine gute Alternative}) 13. exf5
13... f6 $18 (13... Kh8 $5 14. Be3 14... Qa5 $16) 14. Bc4+ Kh8 15. Be3 $14 (15.
g6 Qc8 16. Qf3 $18) 15... Nc6 16. O-O-O Qa5 17. gxf6 $14 (17. g6 b5 18. Qg4
bxc4 19. Qh5 Nb3+ 20. cxb3 h6 21. Bxh6 Qxc3+ 22. bxc3 Rfb8 23. Be3+ Kg8 24.
Qh7+ Kf8 25. Qh8#) 17... Bxf6 {Blockiert f5} 18. h5 Qb4 19. Bd5 {
Der Laeufer steht auf d5 komfortabel} 19... Na4 $2 $18 (19... h6 $14 $142 {
sieht noch spielbar aus}) 20. Nxa4 {Mit der Idee h6} 20... Qxa4 21. h6 {
Es droht Matt} 21... Rg8 22. Bxg8 (22. Bg5 $142 {
erleichterte Weiss die Gewinnfuehrung} 22... Bxg5+ 23. Qxg5 Qf4+ 24. Qxf4 exf4
25. Bxg8 Rxg8 26. Rxd6 gxh6 27. Rdxh6 $18) 22... Rxg8 23. a3 (23. Rxd6 {
ist minderwertig} 23... Nb4 $1 {zementiert den Vorteil} 24. Kd1 Qxc2+ 25. Ke1
Qb1+ 26. Rd1 Nc2+ 27. Ke2 27... Qxb2 $15) 23... Ne7 24. Qf3 d5 25. hxg7+ Rxg7
26. Bh6 Rg8 27. Rhg1 (27. Qh5 $5 $142 27... Qe8 $18) 27... Rc8 {Droht Matt} 28.
Rd2 $16 (28. c3 e4 29. Qh3 29... Qb3 $18) 28... Qc4 $2 $18 (28... e4 $5 $142
29. Qh3 29... Qb5 $18) 29. Bg5 {Droht Matt: Bxf6} 29... Bxg5 30. Rxg5 30... Qa2
{Mit der Mattdrohung Qa1} 31. c3 d4 32. Rc2 $17 (32. Qxb7 $142 {
liesse Schwarz keine Chance} 32... Qa1+ 33. Kc2 $18) 32... Qa1+ 33. Kd2 dxc3+
34. bxc3 (34. Kd3 cxb2 35. Rxc8+ Nxc8 36. Rg8+ Kxg8 37. Qd5+ Kf8 38. Qd8+ Kf7
39. Qd5+ Ke8 40. Qg8+ Kd7 41. Qe6+ Kc7 42. Qxe5+ Nd6 43. Qc3+ Kb8 44. Qh8+ Nc8
45. Qe5+ 45... Ka8 $19) 34... Rd8+ 35. Ke3 Nd5+ 36. Ke4 Qe1+ 37. Re2 Nxc3+ 38.
Qxc3 (38. Kxe5 {macht keinen grossen Unterschied} 38... Nxe2 (38... Qxe2+ $143
39. Qxe2 Nxe2 40. f6 $19) 39. Qe3 Qa5+ 40. Kf6 Rd6+ 41. Kf7 Rd7+ 42. Qe7 Qd5+
43. Ke8 Rxe7+ 44. Kxe7 44... Nd4 $19) 38... Qxc3 (38... Qxc3 39. Rg3 Qc6+ 40.
Ke3 40... Rd1 $19) 0-1

[Event "ICS rated blitz match"]
[Site "207.99.83.229"]
[Date "1999.06.27"]
[Round "?"]
[White "Hossa"]
[Black "OpenDoorAct"]
[Result "1-0"]
[WhiteElo "2342"]
[BlackElo "2079"]
[Annotator "Fritz 5.32 (22s)"]
[PlyCount "263"]

1. e4 Nc6 2. Nf3 d6 3. d4 Bg4 4. Bb5 a6 5. Bxc6+ bxc6 6. h3 Bh5 7. O-O e6 8.
Nc3 $11 (8. Nbd2 8... d5 $14) 8... Be7 9. Qd3 Nf6 10. e5 {Weiss gewinnt Raum}
10... Nd7 11. h4 $15 (11. Re1 $5 $11) 11... c5 12. Bg5 $17 (12. exd6 $5 12...
Bxd6 13. Bg5 $15) 12... Bxg5 13. Nxg5 Bg6 14. Qd2 cxd4 15. Qxd4 Nxe5 16. f4 c5
17. Qa4+ Nd7 18. Rad1 18... d5 $11 (18... Qb6 $5 19. f5 exf5 (19... Bxf5 20.
Rxf5 O-O 21. Rf4 c4+ 22. Kh1 $16) 20. Rfe1+ 20... Kd8 $15) 19. f5 (19. Nxd5 Ra7
20. Ne3 20... O-O $11) 19... Bxf5 20. Nxd5 Ra7 (20... exd5 $4 {
waere ein grobes Versehen} 21. Rxf5 O-O 22. Rfxd5 $18 (22. Rdxd5 $6 22... Ra7
$16)) 21. Ne3 Bg6 22. Rd6 $15 {Greift den Isolani a6 an} (22. Nc4 22... O-O $11
) 22... Qc8 $14 (22... Qb8 $5 {ist vielleicht staerker} 23. Rfd1 23... Qb5 $11)
23. Rfd1 $11 (23. h5 Bxh5 24. Nxe6 fxe6 25. Rxe6+ 25... Kd8 $16) 23... Ke7 24.
Qf4 24... Ke8 $4 $18 {danach wendet sich das Blatt} (24... Re8 $11 $142 {
damit waere Schwarz im Spiel geblieben}) 25. Nc4 {Mit der Idee Rxe6} 25... Ke7
(25... Bf5 26. R6d2 Qb8 27. Qxb8+ Nxb8 28. Rd8+ Ke7 29. Rxh8 $18) 26. R1d2 $4
$14 {vergibt den Vorteil} (26. Nxe6 h6 27. Nxg7 Bxc2 28. Nb6 Bxd1 29. Nf5+ Kd8
30. Nxc8 $18) 26... h6 $4 $18 (26... Nf6 $142 {
nur damit konnte man noch auf Rettung hoffen} 27. Ne5 27... Rc7 $11) 27. Rxd7+
$16 (27. Nxe6 $142 {ist der schnellste Weg} 27... Rg8 28. Qe3 $18) 27... Rxd7
28. Nb6 Rxd2 29. Nxc8+ Rxc8 30. Qxd2 hxg5 (30... Rd8 31. Qe3 hxg5 32. h5 $18)
31. Qxg5+ Kf8 32. h5 $16 (32. c3 Bb1 33. Qf4 33... Ke7 $18) 32... Bf5 $18 (
32... Bxc2 33. Qe5 Bh7 34. Qd6+ Ke8 35. Qxa6 $18) 33. Qd2 Kg8 34. Qd6 a5 35. c3
Bb1 36. Qa6 Rb8 37. b3 $16 (37. Qxa5 Rxb2 38. a4 38... Be4 $18) 37... Bxa2 38.
Qxa5 Bxb3 39. Qxc5 Rd8 40. Qb6 Rd1+ 41. Kh2 Bc2 42. Qb2 Bd3 43. Kg3 Rh1 44. Qd2
Bf5 45. Qd7 f6 46. Kf2 Kh7 47. Qf7 (47. Qd4 e5 48. Qb4 48... Rh2 $16 (48...
Rxh5 $2 {ist nicht korrekt} 49. g4 Bxg4 50. Qxg4 $18)) 47... Rh4 48. Qf8 (48.
g3 48... Rc4 $14) 48... Rxh5 49. c4 49... e5 $14 (49... Rh4 50. c5 $11) 50. c5
Be4 51. g3 Rf5+ 52. Ke3 52... Bd5 $14 (52... Bg2 53. Qd6 $11) 53. Qd6 Rf3+ 54.
Kd2 Be4 55. g4 $14 (55. c6 Bf5 56. c7 56... Kg6 $16) 55... Rb3 56. Qe6 $11 (56.
Qd7 $5 56... Rb4 57. c6 Rd4+ 58. Ke1 $16) 56... Rd3+ 57. Ke1 57... Rg3 $14 (
57... Kg6 58. Ke2 $11) 58. Qf7 $11 (58. g5 58... f5 $14) 58... Re3+ $14 (58...
Rg2 59. Qd7 Rc2 60. Qa4 $11) 59. Kd2 Rd3+ 60. Ke2 Rh3 61. Kd2 $11 (61. g5 Bf3+
62. Kf1 62... Bh5 $16) 61... Kh6 $16 (61... Rd3+ $5 $142 {ist zu erwaegen} 62.
Ke2 62... Rh3 $11) 62. Qd7 Rh2+ 63. Ke3 63... Bc2 $4 $18 {
verschlechtert die Stellung weiter} (63... Bh7 $16 $142) 64. Qd5 $14 (64. c6
$142 {sichert den Gewinn} 64... Rh3+ 65. Kf2 $18) 64... Rh4 $16 (64... Bb3 $1 {
ist die kritische Fortsetzung} 65. Qf3 65... Kg5 $14) 65. Qd2 (65. c6 Rxg4 66.
c7 66... Bf5 $14) 65... Bg6 66. Kf3+ Kh7 67. Kg3 Rh1 68. Qe3 $14 (68. c6 Be4
69. Qd7 69... Rc1 $16) 68... Rd1 69. Kf2 Ra1 70. Qh3+ Kg8 71. Qb3+ Bf7 72. Qb8+
Kh7 73. Qc8 Ra2+ 74. Ke3 Ra3+ 75. Ke4 $11 (75. Ke2 Bc4+ 76. Kd1 Rd3+ 77. Kc2
77... Rd4 $16) 75... Bg6+ 76. Kd5 Rd3+ 77. Kc4 Rd4+ 78. Kb5 Bd3+ 79. Kb6 79...
Rb4+ $16 (79... Be2 80. g5 Rb4+ 81. Ka5 81... Rf4 $16) 80. Kc7 $11 (80. Ka5 $5
80... Rc4 81. c6 $16) 80... Rc4 81. Kd6 81... Be4 $2 $16 (81... Rd4+ $5 $142 {
ist noch spielbar} 82. Ke7 82... Be2 $14) 82. Qe6 $11 (82. g5 $142 82... Rd4+
83. Ke7 fxg5 84. c6 $18) 82... Ra4 83. Kc7 $15 (83. Qe8 Ra6+ 84. Ke7 Ra7+ 85.
Ke6 Ra6+ 86. Ke7 Ra7+ 87. Kd6 Ra6+ 88. Ke7 $11) 83... Kh6 84. Qe8 {
Droht Matt: Qh5} 84... Ra7+ 85. Kb6 Rb7+ 86. Ka6 Kg5 87. Qc8 87... Rb3 $14 (
87... Rb1 88. c6 $11) 88. Qd7 $11 (88. c6 88... Kf4 $14) 88... Ra3+ 89. Kb5
89... Kh6 $16 (89... g6 $5 $142 {und Schwarz spielt mit} 90. c6 90... Rd3 $11)
90. Qf7 $14 (90. c6 $5 90... Rd3 91. Qe8 Bxc6+ 92. Qxc6 $18 (92. Kxc6 $6 92...
g6 $11)) 90... Bg6 91. Qd5 Rd3 92. Qg2 92... Rd4 $14 (92... Kg5 93. c6 $11) 93.
g5+ Kh5 94. gxf6 gxf6 95. Qf3+ $14 (95. c6 $5 $16) 95... Kg5 96. Qe3+ Kf5 97.
Qh3+ 97... Rg4 $18 (97... Kg5 $5 98. c6 Bd3+ 99. Kc5 Rc4+ 100. Kd6 100... Bf5
$16) 98. c6 e4 (98... Kg5 99. c7 Bf5 100. Qh8 $18) 99. c7 {Droht Matt} 99...
Be8+ 100. Kb6 (100. Kc5 $5 {damit wuerde Weiss es sich noch erleichtern} 100...
Bd7 101. Kd6 101... Bc8 $18) 100... Bd7 101. Qh7+ Ke6 102. Kb7 $1 {
logisch und kraftvoll} 102... Rg5 103. Qxe4+ Re5 104. Qc4+ {
Weiss bereitet c8 vor} 104... Ke7 105. c8=N+ Bxc8+ 106. Kxc8 f5 107. Kc7 Re4
108. Qc1 Rg4 109. Qc6 Rg7 (109... Kf7 {holt die Kuh nicht vom Eis} 110. Qh6 $18
) 110. Qd6+ Kf7 111. Kd7 Kg8+ 112. Ke8 {Weiss erhaelt Koenigsangriff} 112...
Kh7 113. Qf6 Rg6 114. Qxf5 {Es droht Matt} 114... Kh6 115. Qf3 Rg5 116. Qh3+
Kg6 117. Kd7 Re5 118. Kd6 {Droht Matt: Kxe5} 118... Re8 119. Qg4+ Kf6 120. Qf4+
Kg6 121. Kd7 {Mit der Mattdrohung Kxe8} 121... Rh8 122. Qe4+ Kf7 123. Qf5+ Kg7
124. Qe5+ Kg8 125. Ke8 {Es droht Matt} 125... Rh3 126. Qe6+ 126... Kg7 {
Droht Rh6} 127. Qxh3 {Droht Matt} 127... Kf6 128. Qe3 Kf5 129. Kf7 Kg4 130. Kg6
Kh4 131. Kf5 Kh5 132. Qh3# (132. Qg5#) 1-0

[Event "ICS rated blitz match"]
[Site "207.99.83.229"]
[Date "1999.06.27"]
[Round "?"]
[White "butuanpusher"]
[Black "Hossa"]
[Result "1/2-1/2"]
[WhiteElo "2055"]
[BlackElo "2344"]
[Annotator "Fritz 5.32 (22s)"]
[PlyCount "42"]

1. e4 c6 2. c4 d5 3. exd5 cxd5 4. cxd5 Nf6 5. Nc3 Nxd5 6. Bc4 Nb6 7. Bb3 Nc6 8.
Nf3 e5 (8... Qd3 9. Bc2 Qa6 10. d4 Nb4 11. Be4 Be6 12. a3 N4d5 13. Ng5 Nxc3 14.
Nxe6 Qc4 15. bxc3 Qxe6 16. Qe2 Rc8 17. Bd2 Qd7 18. Qf3 Nc4 19. Bxb7 Nxd2 20.
Kxd2 Rc7 21. Ba6 f6 22. Qh5+ g6 23. Qb5 {
Relange,E-Rausis,I/Premier, Hastings ENG 1997/ - (56)}) 9. O-O Be7 10. d4 $146
(10. Re1 Bg4 11. h3 {- Kuzmin,G-Ree,H/Budapest 1978 (11)}) 10... exd4 11. Nb5
Bd7 12. Nbxd4 Nxd4 13. Qxd4 (13. Nxd4 13... O-O $11) 13... O-O 14. Bf4 Rc8 15.
Rad1 Bc5 16. Qd2 16... Bc6 $14 (16... Be6 17. Qxd8 Rcxd8 18. Rxd8 Rxd8 19. Bxe6
fxe6 20. Ng5 $14) 17. Ne5 (17. Qc2 17... Bd7 $14) 17... Qxd2 18. Rxd2 Bb4 19.
Rd4 Bc5 20. Rd2 Bb4 21. Rd4 (21. Nxc6 Rxc6 22. Re2 22... Rfc8 $11) 21... Bc5
1/2-1/2

[Event "ICS rated standard match"]
[Site "207.99.83.229"]
[Date "1999.06.27"]
[Round "?"]
[White "Hossa"]
[Black "SingleKnight"]
[Result "1-0"]
[WhiteElo "2234"]
[BlackElo "1937"]
[Annotator "Fritz 5.32 (22s)"]
[PlyCount "29"]

1. e4 c5 2. f4 Nc6 3. Nf3 d6 4. Be2 (4. c3 Nf6 5. e5 Nd5 6. d4 cxd4 7. cxd4
dxe5 8. dxe5 e6 9. Nc3 Nxc3 10. Qxd8+ Nxd8 11. bxc3 Nc6 12. a4 Bc5 13. Ba3 Bxa3
14. Rxa3 Bd7 15. Be2 Ke7 16. O-O Rac8 17. a5 Rc7 18. h4 18... h6 {
Lopes,R-Paunovic,D/Open, Faro POR 1997/0-1 (39)}) (4. Bb5 Bd7 5. O-O Nf6 6. d3
a6 7. Bxc6 Bxc6 8. Nc3 g6 9. Ng5 h6 10. Nh3 Bg7 11. Be3 Bd7 12. Nf2 Qc7 13. Ne2
O-O 14. Ng3 Ne8 15. c3 Qb6 16. Qd2 e5 17. f5 g5 18. Nh5 Nf6 19. Nxg7 Kxg7 20.
Bxg5 Rh8 21. Bxf6+ Kxf6 22. Ng4+ Kg7 23. Rf3 Rag8 24. Rg3 Kf8 25. Nf6 Qc6 26.
Nxg8 {1-0 Nielsen,P-Hansen,J/Copenhagen DEN 1998 (26)}) 4... g6 5. d4 5... Bg7
$14 (5... cxd4 6. Nxd4 Qb6 7. Nb5 $11) 6. d5 {Raumvorteil} 6... Nb8 7. O-O Nh6
8. f5 $15 {Weiss engt den Gegner ein} (8. Nc3 $5 $11 {ist zu beachten}) 8...
gxf5 9. Nc3 Qb6 10. Nd2 10... Na6 $11 (10... Bd7 $5 $15 {steht zur Diskussion})
11. Bb5+ Kd8 12. Nc4 Qc7 13. e5 13... dxe5 $4 $18 (13... Ng4 $142 {
bringt noch Rettung} 14. exd6 exd6 15. Qxg4 fxg4 16. Bg5+ f6 17. Rxf6 Bxf6 18.
Bxf6+ Qe7 19. Bxe7+ Kxe7 20. Re1+ Kd8 21. Nxd6 21... Rf8 $14) 14. d6 exd6 15.
Nd5 (15. Nd5 Qb8 16. Bg5+ f6 17. Nxf6 $18) 1-0

[Event "ICS rated blitz match"]
[Site "207.99.83.229"]
[Date "1999.06.27"]
[Round "?"]
[White "Hossa"]
[Black "butuanpusher"]
[Result "1-0"]
[WhiteElo "2341"]
[BlackElo "2090"]
[Annotator "Fritz 5.32 (22s)"]
[PlyCount "77"]

1. e4 e6 2. d4 d5 3. e5 c5 4. c3 Qb6 5. Nf3 Bd7 6. Bd3 Nc6 7. O-O Rc8 (7...
cxd4 8. cxd4 Nxd4 9. Nxd4 Qxd4 10. Nc3 Qxe5 11. Re1 Qb8 (11... Qd6 12. Qf3 Bc6
13. Bf4 Qd7 14. a3 d4 15. Ne4 f5 16. Qh5+ g6 17. Qh3 17... fxe4 {
1-0 Campora,P-Coemez,K/EuYouth U10 Boys, Tallinn EST 1997 (17)}) 12. Nxd5 Bd6
13. Qg4 Kf8 14. h4 h5 15. Qh3 Nh6 16. Be3 Ng4 17. Nc3 Bc6 18. Ne4 Bh2+ 19. Kh1
Bf4 20. Bc5+ Kg8 21. Kg1 b6 22. Be7 {
Torella,R-Dolezal,C/Buenos Aires GEBA II 1993/0-1 (32)}) 8. dxc5 Bxc5 9. Nbd2
$146 (9. b4 Be7 10. a3 Nh6 11. Be3 Qc7 12. Bd4 Nxd4 13. cxd4 O-O 14. Nbd2 Qb6
15. Nb3 Ba4 16. Qb1 Bxb3 17. Qxb3 Rc7 18. Rac1 Rfc8 19. Qb1 g6 20. Rxc7 Qxc7
21. Nd2 a5 22. bxa5 Bxa3 23. Qb5 23... Nf5 {
Pacorro,F-Rivas Pastor,M/Ceuta 1992/ - (36)}) 9... a5 $14 (9... f6 10. exf6
Nxf6 11. Nb3 $11) 10. Nb3 Bf8 11. Qe2 a4 12. Be3 Qc7 13. Nbd4 $15 (13. Nc5 $5
$14 $142 {und Weiss spielt mit}) 13... Nh6 $4 $16 {
danach kann Schwarz alle Traeume begraben} (13... Nxe5 $142 {
und Schwarz kann noch kaempfen} 14. Nxe5 14... Qxe5 $15) 14. Nb5 Qb8 15. Bxh6
gxh6 16. Rad1 Na7 17. Nxa7 {Weiss geht zum Angriff ueber} 17... Qxa7 18. a3 {
Staerkt b4} 18... Qb6 19. Qc2 Bb5 20. Bxb5+ Qxb5 21. Rd4 21... Rg8 $16 (21...
Rc4 $5 $14) 22. Qxa4 Qc6 23. Qxc6+ Rxc6 24. Rd2 Rb6 25. a4 Rg4 26. Nd4 $14 (26.
a5 Ra6 27. Ra1 27... Bg7 $16) 26... Bc5 $16 (26... Re4 $5 $14) 27. a5 Ra6 28.
Nb3 $14 (28. b4 28... Ba7 $16) 28... Ba7 29. Re1 Rf4 30. g3 Ra4 31. Kg2 Ra2 32.
g4 32... Kd7 $16 (32... Bb8 33. f4 $14) 33. Kf3 (33. c4 Ra4 34. Rc1 34... Rb4
$16) 33... Kc6 34. Ke2 Kb5 35. Kd3 35... Ka4 $16 (35... Ra4 36. f3 $14) 36. Kc2
Rc6 (36... Kb5 37. h3 $16) 37. Rb1 37... Rc4 $4 $18 {
vergroessert seine Probleme} (37... Kb5 $16 $142) 38. Nc1 Rxg4 39. Nxa2 (39.
Nxa2 Rh4 40. b4 $18) 1-0